|
|
|
|
| LEADER |
01650nam a2200289 a 4500 |
| 001 |
GR-MES5177 |
| 008 |
991111s1999 gr 001 0 gre|c |
| 020 |
|
|
|a 9602093560
|
| 040 |
|
|
|a GrPaTEI
|b gre
|c GR-PaULI
|
| 082 |
|
0 |
|a 005.43
|2 21
|
| 100 |
1 |
|
|a Crawford, Sharon,
|d 1942-
|
| 240 |
1 |
0 |
|a ABCs of Windows 98.
|l Ελληνικά
|
| 245 |
1 |
0 |
|a Μάθετε τα ελληνικά Windows 98 /
|c Sharon Crawford, Neil J. Salkind ; μετάφραση Γιώργος Σταυρόπουλος.
|
| 260 |
|
|
|a Αθήνα :
|b Κλειδάριθμος,
|c c1998.
|
| 300 |
|
|
|a 405 σ. :
|b εικ. ;
|c 24 εκ.
|
| 500 |
|
|
|a Μετάφραση του: The ABCs of Windows 98.
|
| 500 |
|
|
|a Περιλαμβάνει ευρετήριο και γλωσσάρι.
|
| 630 |
0 |
0 |
|a Microsoft Windows (Computer file)
|
| 650 |
|
0 |
|a Operating systems (Computers)
|
| 700 |
1 |
|
|a Salkind, Neil J.
|e συγγραφέας.
|
| 700 |
1 |
|
|a Σταυρόπουλος, Γιώργος
|e μεταφραστής.
|
| 942 |
|
|
|2 ddc
|
| 952 |
|
|
|0 0
|1 0
|2 ddc
|4 0
|6 005_430000000000000_CRA
|7 0
|9 275742
|a MSLG
|b MSLG
|c BSC
|d 2021-01-17
|e 24
|f 0
|g 0.00
|l 0
|o 005.43 CRA
|p 242000000635
|r 2021-01-17 00:00:00
|t 1
|w 2021-01-17
|y BK15
|x 20041007 0 1
|x GrPaTEI
|
| 952 |
|
|
|0 0
|1 0
|2 ddc
|4 0
|6 005_430000000000000_CRA
|7 0
|9 275743
|a MSLG
|b MSLG
|c BSC
|d 2021-01-17
|e 24
|f 0
|g 0.00
|l 0
|o 005.43 CRA
|p 2420000015402
|r 2021-01-17 00:00:00
|t 1
|w 2021-01-17
|y BK15
|x 19991111 0 1
|x GrPaTEI
|
| 952 |
|
|
|0 0
|1 0
|2 ddc
|4 0
|6 005_430000000000000_CRA
|7 0
|9 275744
|a MSLG
|b MSLG
|c BSC
|d 2021-01-17
|e 24
|f 0
|g 0.00
|l 0
|o 005.43 CRA
|p 2420000015403
|r 2021-01-17 00:00:00
|t 1
|w 2021-01-17
|y BK15
|x 19991111 0 1
|x GrPaTEI
|
| 971 |
|
|
|a .b25836444
|b 15-04-20
|c 14-09-16
|
| 999 |
|
|
|c 159810
|d 159810
|